Statistics for IT TAKES TWO: Famous pairs in history, film, literature and more!

Click here to take the quiz!

General Stats

  • This quiz has been taken 1,170 times
    (925 since last reset)
  • The average score is 43 of 77

Answer Stats

Hint Answer % Correct
Bonnie and _______________Clyde
90%
_______________ and GretelHansel
89%
_______________ and JillJack
88%
_______________ and MinnieMickey
88%
Tarzan and _______________Jane
87%
David and _______________Goliath
83%
_______________ and DaleChip
81%
Tom and _______________Jerry
80%
Starsky and _______________Hutch
79%
Adam and _______________Eve
79%
Barbie and _______________Ken
78%
_______________ and RobinBatman
77%
Mark Antony and _______________Cleopatra
77%
Tom Sawyer and _______________Huckleberry Finn
77%
_______________ and HydeJekyll
77%
_______________ and YangYin
76%
_______________ and WatsonHolmes
74%
_______________ and pepperSalt
74%
_______________ and Tweedle DumTweedle Dee
73%
_____________ and the TrampLady
73%
Laurel and _______________Hardy
71%
Macaroni and _______________Cheese
71%
Robin Hood and Maid _______________Marion
70%
_______________ and eggsSteak / Ham / Bacon
69%
Gin and _______________Tonic
69%
_______________ and CherSonny
69%
Hermione and ______________Ron
68%
Fish and _______________Chips
68%
_____________ and downsUps
67%
Popeye and _______________Olive Oil
67%
Han Solo and _______________Princess Leia / Chewbacca
67%
_______________ and Jelly sandwichPeanut Butter
65%
Jack and ______________Jill
64%
Kermit the Frog and _______________Miss Piggy
63%
Tristan and _______________Isolde
62%
_______________ and the Sundance KidButch Cassidy
62%
Christopher Robin and _______________Winnie the Pooh
61%
_______________ and MindyMork
61%
Elizabeth Bennet and Mr. _______________Darcy
60%
________________ and ErnieBert
60%
Barnes and _______________Noble
56%
Coffee and _______________Milk / Cream
54%
Rhett Butler and _______________Scarlett O'Hara
54%
R2D2 and _______________C3PO
54%
Superman and _______________Lois Lane
54%
_______________ and CostelloAbbot
52%
_______________and LaceyCagney
51%
_______________ and ChongCheech
50%
Mustard and ________________Ketchup
50%
_______________ and GingerFred
49%
The Lone Ranger and _______________Tonto
47%
Penn and ______________Teller
46%
Lewis and _______________Clark
45%
_______________ and HoochTurner
44%
Rosencrantz and _______________Guildenstern
41%
Milk and _______________Cookies
38%
Morticia and _______________Gomez
38%
Lucille Ball and _______________Desi Arnez
37%
Bogart and _______________Bacall
36%
Chips and _______________Dip / Salsa
33%
Meat and ______________Potatoes
33%
Spider-Man and _______________Mary Jane Watson / Gwen Stacy
33%
Knight Rider and _______________KITT
31%
Harry and _______________Sally
31%
Rocky Balboa and _______________Adrian
30%
Fraulein Maria and Captain _______________Von Trapp
30%
_______________and SandyAnnie or Danny
29%
_______________ and SchusterSimon
29%
Siskel and _______________Ebert
28%
Soup and _______________Salad
25%
Crockett and _______________Tubbs
23%
_______________ and HepburnTracy
22%
_______________ and Princess ButtercupWestley
19%
Wayne and _______________Garth
18%
Woodward and _______________Bernstein
16%
Segeants _______________ and MurtaughRiggs
11%
Persius and ______________Andromeda
6%

Score Distribution

Percentile by Number Answered

Percent of People with Each Score

Your Score History

You have not taken this quiz since the last reset